Občianske výbory v Prešove

Bibliographic Details
Main Author: Banda, Pavol (Author)
Format: Article
Language:Slovak
Subjects:

MARC

LEADER 00000nab a2200000 a 4500
001 vtls000006228
003 SK-MaSNL
005 20260303021235.0
008 160401c1978 xo 0 slo
015 |a SNBRB19rr/mm-uuuuu 
035 |a CL0016321 
040 |a SNKBUCL  |b slo  |c SNKBUCL  |e AACR2 
041 0 |a slo 
044 |a xo  |c SK 
080 |a 352  |2 1981 
100 1 |a Banda, Pavol  |4 aut  |9 272199 
245 1 0 |a Občianske výbory v Prešove  |c Pavel Banda 
650 0 7 |a národné výbory  |2 snkbucl  |9 59059 
650 0 7 |a občianske výbory  |2 snkbucl  |9 1002017 
651 7 |a Prešov (Slovensko)  |2 snkbucl  |9 17347 
773 0 |t Národné výbory  |g Č. 18 (1978), s. 20 
850 |a Slovenská národná knižnica v Martine  |a MTA001 
852 |a SNK  |b KIS3GCP 
958 |a RK 
999 |c 1622145  |d 1624075